00511nam a22001697a 450000500170000001000150001702000260003203500130005803700130007108200060008410000250009024500680011526000400018327000700022330000240029370000240031720150416103316.0 aENG-112332 a9789382536741c140.00 aEN-95864 bDBAD/PUB aN aSareen Reddy, Payal  aShadi on toes / cby Payal Sareen Reddy [and] Ashoka Bala Reddy aNew Delhi bLiFi Publicationsc2015 a211, 2nd Floor, Gagandeep, 12 Rajendra Place bNew Delhi e110008 ax, 165p.c22cm(pbk) aBala Reddy, Ashoka